Quest : (Record no. 166104)

MARC details
000 -LEADER
fixed length control field 00577nam a22001817a 4500
005 - DATE AND TIME OF LATEST TRANSACTION
control field 20190712161458.0
010 ## - LCCN (DPL NO)
LC control number ENG-125906
020 ## - INTERNATIONAL STANDARD BOOK NUMBER
International Standard Book Number 9789387162334
Terms of availability 225.00
035 ## - SYSTEM CONTROL NUMBER
System control number EN-109438
037 ## - SOURCE OF ACQUISITION
Source of stock number/acquisition DBAD/PUB
082 ## - DEWEY DECIMAL CLASSIFICATION NUMBER
Classification number 615.1
100 ## - MAIN ENTRY--PERSONAL NAME
Personal name Ghosh, Amit Kumar
245 ## - TITLE STATEMENT
Title Quest :
Statement of responsibility, etc by Amit Kumar Ghosh
Remainder of title a comprehensive guide to UG pharmacology /
260 ## - PUBLICATION, DISTRIBUTION, ETC. (IMPRINT)
Place of publication, distribution, etc Kolkata
Name of publisher, distributor, etc Academic Publishers
Date of publication, distribution, etc 2019
270 ## - ADDRESS
Address 5 A Bhawani Dutta Lane
City Kolkata
Postal code 700073
Electronic mail address contact@academicpublishers.in
300 ## - PHYSICAL DESCRIPTION
Extent 192p.
Dimensions 24cm(pbk)
942 ## - ADDED ENTRY ELEMENTS (KOHA)
Source of classification or shelving scheme Dewey Decimal Classification
Item type English Books
Classification part 615.1
Call number suffix GHO
Holdings
Withdrawn status Lost status Not for loan Collection code Home library Current library Date acquired Source of acquisition Cost, normal purchase price Full call number Barcode Copy number Cost, replacement price Koha item type
      Non-fiction Ashok Vihar Ashok Vihar 12/07/2019 DBAD/PUB 225.00 615.1 GHO EN-109438 1 225.00 English Books

© Delhi Public Library
Hit Counter
free hit counter